| 000 | 01023nam a22001457a 4500 | ||
|---|---|---|---|
| 999 |
_c56915 _d56915 |
||
| 003 | Ge_BSU | ||
| 005 | 20190618162452.0 | ||
| 008 | 190618b1980 ge ||||| |||| 00| 0 geo d | ||
| 041 | _ageo | ||
| 080 | _a 624.012.4 რ-70 | ||
| 245 |
_aრკინაბეტონის კონსტრუქციების გაანგარიშება : _b(ნორმატიული მასალები და ცხრილები საკურსო და სადიპლომო დაპროექტებისათვის) / _c საქ. პოლიტექნ. ინ-ტი, ხიდებისა და რკინაბეტონის კონსტრუქციების კათედრა. |
||
| 300 |
_a54 გვ. : _bილ. ; _c21 სმ. |
||
| 710 |
_a საქ. პოლიტექნ. ინ-ტი _bხიდებისა და რკინაბეტონის კონსტრუქციების კათედრა _92558 |
||
| 942 |
_2udc _cBK |
||